LEADER 00785nam a2200205 i 4500 001 000000108267 003 CaOOAMICUS 005 20250715140604.0 008 050826s1963 xxk u000 u eng u 013 $a80908 040 $aSeMil$bita 245 10$a1: Italian sculpure :$btext /$cJohn Pope-Hennessy. 300 $a126 p., [14] carte di tav. :$bill. 773 0 $aPope-Hennessy, John <1913-1994>$tItalian high renaissance and baroque sculpture.$dLondon : Phaidon press, 1963.$kItalian sculpture$w()10407 850 $aSeMil 852 $aSeMil$W1$xVenegono$y1$m5I VI 69$j64363$B64363$CSeMilBibl$Z2$F102031 $81 941 1 $a1 961 $aOmaggio: Ciprandi dott. Paolo 996 $6245$a1: Italian sculpure :$btext$9(OLS)http://semarc/title/454854 LEADER 01003nam a2200205 i 4500 001 000000014471 003 CaOOAMICUS 005 20180830125442.0 008 180830s1774 fr u000 u und u 040 $aSeMil$bita 245 10$aRecueil des lettres de madame la marquise de Sévigné a madame la comtesse de Grignan, sa fille. ... Tome 1. [-8.]. 250 $aNouvelle edition augmentée. 260 $aA Paris :$bPar la Compagnie des Libraires,$c1774. 300 $a8 v. ;$c12º. 700 1 $aRabutin-Chantal, Marie : de,$c.$0(OLS)http://semarc/name/8938 710 2 $aCompagnie des Libraires$b.$0(OLS)http://semarc/name/89714 774 0 $tTome 1.$g1$w()78974 774 0 $tTome 2.$g2$w()253381 996 $6245$aRecueil des lettres de madame la marquise de Sévigné a madame la comtesse de Grignan, sa fille. ... Tome 1. [-8.]$9(OLS)http://semarc/title/401544 996 $6260$aA Paris :$bPar la Compagnie des Libraires$9(OLS)http://semarc/publisher/55821